Normal view
MARC view
- Farooq,Dr.Shaukat
Entry Personal Name
001 - CONTROL NUMBER
- control field: 5728
003 - CONTROL NUMBER IDENTIFIER
- control field: NUST
005 - DATE AND TIME OF LATEST TRANSACTION
- control field: 20171030114715.0
008 - FIXED-LENGTH DATA ELEMENTS
- fixed length control field: 171030|| aca||aabn | a|a d
040 ## - CATALOGING SOURCE
- Original cataloging agency: NUST
- Transcribing agency: NUST
100 ## - HEADING--PERSONAL NAME
- Personal name: Farooq,Dr.Shaukat
670 ## - SOURCE DATA FOUND
- Source citation: Work cat.: (NUST): Farooq,Dr.Shaukat, Study for Combined Effluent Treatment Plant for Textile Industry in Faislabad, 2013
